Ten years in the EU - foreign direct investment inflows to the Czech Republic and Slovakia
V čase vstupu do EÚ sa zvýšil prílev priamych zahraničných investícií, ktoré boli často uvádzané ako jeden z hlavných ekonomických výhod členstva. Očakávania a hodnotenie členstva Slovenska a Českej republiky v Európskej únii a prílevu priamych zahraničných investícií.
Saved in:
| Main Author: | |
|---|---|
| Format: | Book Chapter |
| Language: | English |
| Subjects: | |
| Tags: |
No Tags, Be the first to tag this record!
|
MARC
| LEADER | 00000nla a2200000 4500 | ||
|---|---|---|---|
| 001 | 0197271 | ||
| 005 | 20240502073332.2 | ||
| 041 | 0 | |a eng | |
| 044 | |a SK | ||
| 245 | 1 | 0 | |a Ten years in the EU - foreign direct investment inflows to the Czech Republic and Slovakia |c Tomáš Dudáš |
| 520 | |a V čase vstupu do EÚ sa zvýšil prílev priamych zahraničných investícií, ktoré boli často uvádzané ako jeden z hlavných ekonomických výhod členstva. Očakávania a hodnotenie členstva Slovenska a Českej republiky v Európskej únii a prílevu priamych zahraničných investícií. | ||
| 610 | 2 | 0 | |a investície priame zahraničné |
| 610 | 2 | 0 | |a bilancia ekonomická |
| 610 | 2 | 0 | |a investície zo zahraničia |
| 610 | 2 | 0 | |a pohyb kapitálu |
| 610 | 2 | 0 | |a styk platobný medzinárodný |
| 100 | 1 | |a Dudáš, Tomáš, 1976- | |